Co-operative Wholesale Society Ltd v Chester-le-Street DC (Record no. 56023)
[ view plain ]
| 000 -LEADER | |
|---|---|
| fixed length control field | 01312cab a2200217 4500 |
| 001 - CONTROL NUMBER | |
| control field | ABS59282 |
| 008 - FIXED-LENGTH DATA ELEMENTS--GENERAL INFORMATION | |
| fixed length control field | 090401t1998 xxu||||| |||| 00| 0 eng d |
| 035 ## - SYSTEM CONTROL NUMBER | |
| System control number | (Sirsi) u88623 |
| 041 ## - LANGUAGE CODE | |
| Language code of text/sound track or separate title | eng |
| 245 ## - TITLE STATEMENT | |
| Title | Co-operative Wholesale Society Ltd v Chester-le-Street DC |
| 260 ## - PUBLICATION, DISTRIBUTION, ETC. | |
| Date of publication, distribution, etc. | 1998 |
| 350 ## - PRICE (NR) (BK AM CF MU VM SE) [OBSOLETE] | |
| Price | 0 |
| 490 ## - SERIES STATEMENT | |
| Series statement | Estates Gazette |
| Volume/sequential designation | [1998] 38 EG 153-154(2) (19/09/98) |
| 520 ## - SUMMARY, ETC. | |
| Summary, etc. | "Co-operative Wholesale Society Ltd v Chester-le-Street DC" CA 6 May 1998. Land was acquired following the making of a general vesting declaration under the Compulsory Purchase (Vesting Declarations) Act 1981. After negotiations, reference was made to the Lands Tribunal was made in August 1994. The acquiring authority`s application to the tribunal, to have the reference struck out on the ground that it had been made more than six years after the vesting date, contrary to s10(3) of the 1981 Act, was dismissed by the president. The acquiring authority appealed. Held: The appeal was dismissed. |
| 650 ## - SUBJECT ADDED ENTRY--TOPICAL TERM | |
| Topical term or geographic name entry element | CO-OPERATIVE WHOLESALE SOCIETY LTD V CHESTER-LE-STREET DC |
| 650 ## - SUBJECT ADDED ENTRY--TOPICAL TERM | |
| Topical term or geographic name entry element | COMPULSORY PURCHASE (VESTING DECLARATIONS) ACT 1981 |
| 650 ## - SUBJECT ADDED ENTRY--TOPICAL TERM | |
| Topical term or geographic name entry element | LANDS TRIBUNAL |
| 690 ## - LOCAL SUBJECT ADDED ENTRY--TOPICAL TERM (OCLC, RLIN) | |
| Topical term or geographic name as entry element | ENVIRONMENTAL AND LAND CONSULTANCY-PLANNING AND DEVELOPMENT-COMPULSORY PURCHASE AND COMPENSATION |
| 942 ## - ADDED ENTRY ELEMENTS (KOHA) | |
| Suppress in OPAC | 0 |
| 948 ## - LOCAL PROCESSING INFORMATION (OCLC); SERIES PART DESIGNATOR (RLIN) | |
| c (OCLC) | 24/09/1998 |
| Withdrawn status | Lost status | Source of classification or shelving scheme | Damaged status | Not for loan | Home library | Current library | Shelving location | Date acquired | Total Checkouts | Full call number | Barcode | Date last seen | Copy number | Price effective from | Koha item type |
|---|---|---|---|---|---|---|---|---|---|---|---|---|---|---|---|
| Dewey Decimal Classification | London | London | Journal article | 14/09/1999 | ABS59282 | 88623-1001 | 06/08/2019 | 1 | 06/08/2019 | Law report |